000 00384nam a2200145Ia 4500
008 230312s9999||||xx |||||||||||||| ||und||
020 _a978-9332535138
082 _a621.3
_bCHE-F
100 _aCheng;David.K
245 0 _aFundamentals of Emgineering Electromagnetics
260 _bPearsons
_aIndia
_c2014
300 _a488
650 _aEngineering
_vMechanical/Physics
942 _cBK
999 _c14020
_d14020